| 000 | 00638nam a2200229 a 4500 | ||
|---|---|---|---|
| 001 | 18487 | ||
| 003 | CO-ViMGA | ||
| 008 | 141112s2004 ck r 000 u spa d | ||
| 040 |
_aCO-ViMGA _bspa _cCO-ViMGA |
||
| 082 | 0 | 4 | _a372.5 A993p |
| 100 | 1 |
_aAzzerboni, Laura. _926318 |
|
| 245 | 1 | 0 | _aPlástica en la escuela |
| 260 |
_aBogotá : _bLesa, _c2005 |
||
| 300 | _a373 | ||
| 590 | _aForma de adquisición : Compra | ||
| 650 | 1 | 4 |
_aARTE - ENSEÑANZA _926319 |
| 650 | 1 | 4 |
_aDIBUJO - ENSEÑANZA ELELMENTAL _926320 |
| 650 | 1 | 4 | _aeducación |
| 650 | 1 | 4 |
_aPINTURA - ENSEÑANZA ELEMENTAL _926321 |
| 650 | 1 | 4 | _aTRABAJOS MANUALES |
| 942 |
_2ddc _cBK |
||
| 999 |
_c27778 _d27778 |
||